Zaha Hadid : Zaha Hadid Architects : complete works 1979-today (Record no. 10367)

000 -LEADER
fixed length control field 00435nam a2200157Ia 4500
003 - CONTROL NUMBER IDENTIFIER
control field OSt
008 - FIXED-LENGTH DATA ELEMENTS--GENERAL INFORMATION
fixed length control field 220308s9999 xx 000 0 und d
020 ## - INTERNATIONAL STANDARD BOOK NUMBER
International Standard Book Number 9783836572439
082 ## - DEWEY DECIMAL CLASSIFICATION NUMBER
Classification number 720.92
Item number JOD
100 ## - MAIN ENTRY--PERSONAL NAME
Personal name Jodidio, Philip 1954-
245 #0 - TITLE STATEMENT
Title Zaha Hadid : Zaha Hadid Architects : complete works 1979-today
260 ## - PUBLICATION, DISTRIBUTION, ETC. (IMPRINT)
Name of publisher, distributor, etc  ‎ Taschen GmbH; Multilingual edition (24 October 2020)
365 ## - TRADE PRICE
Price type code GBP
365 ## - TRADE PRICE
Unit of pricing 50
942 ## - ADDED ENTRY ELEMENTS (KOHA)
Source of classification or shelving scheme
Holdings
Withdrawn status Lost status Source of classification or shelving scheme Damaged status Koha normalized classification for sorting Not for loan Permanent location Current location Date acquired Source of acquisition Cost, normal purchase price Total Checkouts Full call number Barcode Date last seen Date last borrowed Cost, replacement price Price effective from Koha item type
        720_920000000000000_JOD   BMS College of Architecture, Design and Planning BMS College of Architecture, Design and Planning 2022-03-16 1 3748.50 1 720.92 JOD AR-UG2534 2022-05-06 2022-04-11 5355.00 2022-03-16 UG Books
Copyright © 2025, The Librarian, Library and Information Centre, BMSCA D&P, Bengaluru. All Rights Reserved
web counter

Powered by Koha